[Event "Krasnodar Region-ch"]
[Site "Krasnodar"]
[Date "2011.10.18"]
[Round "5"]
[White "Kiriushin, Vladimir"]
[Black "Poliakov, Yury"]
[Result "0-1"]
[WhiteElo "2177"]
[BlackElo "2254"]
[PlyCount "144"]
[EventDate "2011.10.14"]
[EventType "swiss"]
[EventRounds "9"]
[EventCountry "RUS"]
[SourceTitle "EXT 2022"]
[Source "ChessBase"]
[SourceDate "2021.10.06"]
[SourceVersion "1"]
[SourceVersionDate "2021.10.06"]
[SourceQuality "1"]

1. d4 Nf6 2. c4 g6 3. Nc3 Bg7 4. e4 0-0 5. Bg5 c5 6. d5 h6 7. Be3 d6 8. f3 e6 9. Qd2 exd5 10. cxd5 Nbd7 11. Nh3 Ne5 12. Nf2 Kh7 13. Be2 a6 14. a4 Rb8 15. 0-0 Ne8 16. f4 Nd7 17. Bd3 Nc7 18. Qe2 Re8 19. Ra3 Nf6 20. Qf3 b5 21. axb5 axb5 22. Ra2 c4 23. Bb1 b4 24. Ne2 Nb5 25. Nd4 Nxd4 26. Bxd4 Bb7 27. Ra7 Qc8 28. Rc1 Ra8 29. Rxa8 Bxa8 30. Bd3 c3 31. bxc3 b3 32. Rb1 Qb7 33. Qd1 Rb8 34. Rb2 Nd7 35. Qe2 Qc7 36. Bxg7 Kxg7 37. Nd1 Nc5 38. Bc4 Na4 39. Rxb3 Rxb3 40. Bxb3 Qb6+ 41. Qe3 Qxb3 42. Qd4+ Kg8 43. c4 Bb7 44. e5 Qb4 45. Kf2 Nc5 46. exd6 Nd7 47. Qb2 Qc5+ 48. Ne3 Bc8 49. Kf3 Qxd6 50. Ng4 Kh7 51. Qd4 h5 52. Ne5 Qa3+ 53. Kf2 Qa2+ 54. Kg3 Qb3+ 55. Qd3 Qxd3+ 56. Nxd3 Ba6 57. Ne5 Nxe5 58. fxe5 Bxc4 59. d6 Be6 60. Kf4 Kg7 61. Kg5 Bd7 62. g3 Be6 63. Kf4 f6 64. Ke4 g5 65. Kd4 Kf7 66. Ke4 Kg6 67. Kd4 Kf5 68. exf6 Kxf6 69. Ke4 Bc8 70. Kd5 Bd7 71. Kd4 Ke6 72. Kc5 Ke5 0-1

[Event "Krasnodar Region-ch"]
[Site "Krasnodar"]
[Date "2011.10.14"]
[Round "1"]
[White "Vertegel, Evgeny"]
[Black "Poliakov, Yury"]
[Result "0-1"]
[WhiteElo "1873"]
[BlackElo "2254"]
[PlyCount "46"]
[EventDate "2011.10.14"]
[EventType "swiss"]
[EventRounds "9"]
[EventCountry "RUS"]
[SourceTitle "EXT 2022"]
[Source "ChessBase"]
[SourceDate "2021.10.06"]
[SourceVersion "1"]
[SourceVersionDate "2021.10.06"]
[SourceQuality "1"]

1. d4 Nf6 2. c4 g6 3. Nc3 Bg7 4. e4 0-0 5. Be3 d6 6. Be2 Nbd7 7. f3 e5 8. d5 Nh5 9. Qd2 f5 10. exf5 gxf5 11. Bg5 Nhf6 12. g4 Nc5 13. h4 fxg4 14. fxg4 Qe8 15. Bxf6 Rxf6 16. Nh3 e4 17. Qe3 Nd3+ 18. Bxd3 Rf3 19. Qxe4 Re3+ 20. Kf2 Rxe4 21. Nxe4 Bxg4 22. Ke3 Qe5 23. Rab1 Qd4+ 0-1

[Event "Novomikhailovsky op"]
[Site "Novomikhailovsky"]
[Date "2011.05.09"]
[Round "9"]
[White "Bondarev, Boris"]
[Black "Poliakov, Yury"]
[Result "1/2-1/2"]
[WhiteElo "2116"]
[BlackElo "2254"]
[PlyCount "129"]
[EventDate "2011.05.01"]
[EventType "swiss"]
[EventRounds "9"]
[EventCountry "RUS"]
[SourceTitle "EXT 2012"]
[Source "ChessBase"]
[SourceDate "2011.11.24"]
[SourceVersion "1"]
[SourceVersionDate "2011.11.24"]
[SourceQuality "1"]

1. e4 c5 2. Bc4 e6 3. c3 d5 4. Bb5+ Bd7 5. Qe2 dxe4 6. f3 exf3 7. Nxf3 Bxb5 8. Qxb5+ Qd7 9. Na3 Nc6 10. 0-0 Nf6 11. Qe2 Be7 12. Nc4 0-0 13. d3 Nd5 14. a4 Rad8 15. Bg5 f6 16. Bd2 Nc7 17. Ne1 e5 18. a5 Rfe8 19. Rf3 Bf8 20. Rh3 g6 21. Ne3 Nd5 22. Ng4 f5 23. Nh6+ Bxh6 24. Bxh6 Nf4 25. Bxf4 exf4 26. Qf2 Qd6 27. Qh4 Rd7 28. Nf3 Rg7 29. Ng5 h5 30. Rf1 Re3 31. Qxf4 Qxf4 32. Rxf4 Rge7 33. Rxe3 Rxe3 34. a6 b6 35. Rf3 Re2 36. Rf2 Re1+ 37. Rf1 Re7 38. Ra1 Rd7 39. Rd1 Nb8 40. Nf3 Nxa6 41. Ne5 Rg7 42. d4 cxd4 43. Rxd4 Nc5 44. b4 Ne4 45. c4 Kh7 46. Nd3 Re7 47. c5 bxc5 48. Nxc5 Nxc5 49. bxc5 Rc7 50. Ra4 Kg7 51. Kf2 Kf6 52. Ra6+ Ke5 53. Rxg6 Rxc5 54. Ra6 Rc7 55. Kg3 f4+ 56. Kf3 Rc3+ 57. Kf2 Rc7 58. Ra5+ Ke4 59. h4 Rc2+ 60. Kg1 Rc7 61. Rxh5 Rc1+ 62. Kh2 Rc2 63. Kh3 Rc3+ 64. Kh2 Rc2 65. Kh3 1/2-1/2

[Event "Doroshkevich Memorial op"]
[Site "Belorechensk"]
[Date "2010.05.30"]
[Round "9"]
[White "Poliakov, Yury"]
[Black "Zhukov, Viktor Andreevich"]
[Result "1-0"]
[WhiteElo "2233"]
[BlackElo "2184"]
[PlyCount "97"]
[EventDate "2010.05.22"]
[EventType "swiss"]
[EventRounds "9"]
[EventCountry "RUS"]
[SourceTitle "EXT 2011"]
[Source "ChessBase"]
[SourceDate "2010.11.26"]
[SourceVersion "1"]
[SourceVersionDate "2010.11.26"]
[SourceQuality "1"]

1. d4 f5 2. Nc3 Nf6 3. Bg5 e6 4. e4 fxe4 5. Nxe4 Be7 6. Bxf6 Bxf6 7. Nf3 b6 8. c3 Bb7 9. Bd3 Qe7 10. Qe2 a5 11. 0-0-0 Na6 12. Rhe1 0-0 13. Qc2 g6 14. Bc4 c6 15. Qd2 Nc7 16. Kb1 Bg7 17. Bd3 Nd5 18. h4 Nf4 19. Bf1 Ba6 20. g3 Bxf1 21. Rxf1 Nd5 22. Ne5 c5 23. f4 cxd4 24. cxd4 Rac8 25. Rc1 d6 26. Nf3 Qd7 27. Rfe1 Rxc1+ 28. Rxc1 Ne7 29. Qd3 d5 30. Nc3 Nf5 31. Ne2 Nd6 32. Ng5 Bf6 33. Nf3 Rc8 34. Rxc8+ Qxc8 35. Nc3 Qc6 36. Ne5 Bxe5 37. fxe5 Nf5 38. Ne2 b5 39. b3 b4 40. Kb2 a4 41. bxa4 Qxa4 42. Nf4 Kf7 43. Ne2 h5 44. Qb3 Qb5 45. Qc2 Ne3 46. Qc7+ Kg8 47. Qd8+ Kf7 48. Qf6+ Ke8 49. Qxe6+ 1-0

[Event "Doroshkevich Memorial op"]
[Site "Belorechensk"]
[Date "2010.05.28"]
[Round "7"]
[White "Poliakov, Yury"]
[Black "Makarkin, Zhan"]
[Result "1-0"]
[WhiteElo "2233"]
[BlackElo "2159"]
[PlyCount "89"]
[EventDate "2010.05.22"]
[EventType "swiss"]
[EventRounds "9"]
[EventCountry "RUS"]
[SourceTitle "EXT 2011"]
[Source "ChessBase"]
[SourceDate "2010.11.26"]
[SourceVersion "1"]
[SourceVersionDate "2010.11.26"]
[SourceQuality "1"]

1. d4 d5 2. c4 c6 3. Nc3 dxc4 4. a4 Nf6 5. e3 Nbd7 6. Nf3 e6 7. Bxc4 Bb4 8. 0-0 0-0 9. Qe2 Qc7 10. e4 e5 11. dxe5 Nxe5 12. Nxe5 Qxe5 13. f4 Qa5 14. Kh1 Qh5 15. Qxh5 Nxh5 16. e5 g6 17. Be3 Bf5 18. Rfd1 b6 19. Kg1 Rfd8 20. Kf2 Ng7 21. Kf3 Bxc3 22. bxc3 Be6 23. Bxe6 Nxe6 24. Ke4 Kf8 25. g4 Ke8 26. f5 Nc7 27. Bg5 Rd5 28. c4 Rxd1 29. Rxd1 Rc8 30. Rd6 Na6 31. e6 Nc5+ 32. Ke5 a6 33. Be3 Nxa4 34. Rd7 fxe6 35. Kxe6 gxf5 36. gxf5 Kf8 37. Rxh7 Re8+ 38. Kf6 Kg8 39. Rg7+ Kh8 40. Rg3 Re4 41. Kf7 Rh4 42. Bd4+ Kh7 43. Bf6 Rxh2 44. Rg7+ Kh8 45. Rg8+ 1-0

[Event "Doroshkevich Memorial op"]
[Site "Belorechensk"]
[Date "2010.05.22"]
[Round "1"]
[White "Poliakov, Yury"]
[Black "Baranov, Vyacheslav"]
[Result "1-0"]
[WhiteElo "2233"]
[BlackElo "1563"]
[PlyCount "63"]
[EventDate "2010.05.22"]
[EventType "swiss"]
[EventRounds "9"]
[EventCountry "RUS"]
[SourceTitle "EXT 2011"]
[Source "ChessBase"]
[SourceDate "2010.11.26"]
[SourceVersion "1"]
[SourceVersionDate "2010.11.26"]
[SourceQuality "1"]

1. d4 Nf6 2. c4 e6 3. g3 Bb4+ 4. Bd2 a5 5. Bg2 d5 6. Nf3 0-0 7. 0-0 Nc6 8. Qc2 Ne4 9. Bf4 g5 10. Be3 f5 11. Qc1 h6 12. Nc3 Bxc3 13. bxc3 Qf6 14. Ne1 f4 15. Bd2 Nxd4 16. cxd4 Qxd4 17. Nf3 Qxc4 18. Qxc4 dxc4 19. Be1 b5 20. Nd4 Bb7 21. Nxb5 Rf7 22. Nc3 Nc5 23. Bxb7 Nxb7 24. Ne4 f3 25. exf3 Rxf3 26. Rc1 Ra3 27. Rxc4 Rxa2 28. Rxc7 Nd8 29. f4 Re2 30. Nf6+ Kf8 31. fxg5 hxg5 32. Nh7+ 1-0

[Event "Doroshkevich Memorial op"]
[Site "Belorechensk"]
[Date "2009.05.25"]
[Round "3"]
[White "Frolov, Lev"]
[Black "Poliakov, Yury"]
[Result "0-1"]
[WhiteElo "1814"]
[BlackElo "2233"]
[PlyCount "116"]
[EventDate "2009.05.23"]
[EventType "swiss"]
[EventRounds "9"]
[EventCountry "RUS"]
[SourceTitle "CBM 130 Extra"]
[Source "ChessBase"]
[SourceDate "2009.07.02"]
[SourceVersion "2"]
[SourceVersionDate "2009.07.15"]
[SourceQuality "1"]

1. d4 d5 2. c4 e5 3. dxe5 dxc4 4. Qxd8+ Kxd8 5. Nc3 Be6 6. Bd2 Nc6 7. Nf3 a6 8. g3 Nge7 9. Bg2 h6 10. 0-0-0 Kc8 11. Be3 Nf5 12. Bd2 g5 13. g4 Nfe7 14. h4 gxh4 15. g5 h5 16. Bh3 Ng6 17. Bxe6+ fxe6 18. Nxh4 Ncxe5 19. f4 Nxh4 20. Rxh4 Ng6 21. Rhh1 Bd6 22. e3 h4 23. Ne2 b5 24. e4 Kb7 25. f5 exf5 26. exf5 Ne5 27. Rdf1 Rae8 28. Kc2 h3 29. Nf4 h2 30. g6 Ng4 31. Ne6 Be5 32. Bf4 Bf6 33. Kb1 Re7 34. Re1 Kc8 35. Re2 Rh5 36. Bxh2 Rxf5 37. Bg3 Rg5 38. Rh7 Rxg6 39. Rxe7 Bxe7 40. Nxc7 Bd6 41. Bxd6 Rxd6 42. Ne8 Rd3 43. Kc1 Kd7 44. Ng7 Kc6 45. Nf5 Kc5 46. a3 Rf3 47. Ne7 a5 48. Ng6 b4 49. axb4+ axb4 50. Ne5 Rf1+ 51. Kd2 Nf6 52. Re1 Rf2+ 53. Kc1 Nd5 54. b3 Nf4 55. bxc4 b3 56. Kb1 Kb4 57. Re3 Ka3 58. Re1 Ne2 0-1

[Event "Doroshkevich Memorial op"]
[Site "Belorechensk"]
[Date "2009.05.24"]
[Round "2"]
[White "Poliakov, Yury"]
[Black "Pushkov, Nikolai"]
[Result "0-1"]
[WhiteElo "2233"]
[BlackElo "2499"]
[PlyCount "100"]
[EventDate "2009.05.23"]
[EventType "swiss"]
[EventRounds "9"]
[EventCountry "RUS"]
[SourceTitle "CBM 130 Extra"]
[Source "ChessBase"]
[SourceDate "2009.07.02"]
[SourceVersion "2"]
[SourceVersionDate "2009.07.15"]
[SourceQuality "1"]

1. d4 Nf6 2. c4 e6 3. Nf3 b6 4. g3 Bb7 5. Bg2 Be7 6. 0-0 0-0 7. Nc3 Na6 8. Bg5 c5 9. Rc1 Ne4 10. Nxe4 Bxe4 11. Bxe7 Qxe7 12. Qa4 Nb4 13. Rfd1 Rfd8 14. Ne5 Bxg2 15. Kxg2 d6 16. Nf3 Qb7 17. a3 Nc6 18. Kg1 Ne7 19. b4 cxd4 20. Nxd4 a6 21. f3 e5 22. Nc2 b5 23. Qb3 bxc4 24. Qxc4 d5 25. Qd3 Qb6+ 26. Kg2 g6 27. Ne3 d4 28. Nc4 Qe6 29. Na5 Nd5 30. Rc6 Ne3+ 31. Kh1 Nxd1 32. Qxd1 Rd6 33. Rc5 e4 34. Nc4 Rdd8 35. Ne5 exf3 36. Nxf3 d3 37. exd3 Qe3 38. d4 Qxa3 39. Ne5 Qxb4 40. Qf3 Qb1+ 41. Kg2 Qa2+ 42. Kh3 Qe6+ 43. g4 Rab8 44. Qf4 Rb3+ 45. Kh4 Qe7+ 46. g5 h6 47. Ng4 Qe1+ 48. Nf2 hxg5+ 49. Kxg5 Qe7+ 50. Kh6 Rf3 0-1

[Event "Krasnodar"]
[Site "Krasnodar"]
[Date "2006.03.??"]
[Round "?"]
[White "Doroshenko, Diana"]
[Black "Poliakov, Yury"]
[Result "1/2-1/2"]
[WhiteElo "2058"]
[BlackElo "2196"]
[PlyCount "98"]
[EventDate "2006.03.??"]
[EventType "tourn"]
[EventRounds "9"]
[EventCountry "RUS"]
[SourceTitle "CBM 111 Extra"]
[Source "ChessBase"]
[SourceDate "2006.05.09"]
[SourceVersion "1"]
[SourceVersionDate "2006.05.09"]
[SourceQuality "1"]

1. e4 d6 2. d4 Nf6 3. Nc3 g6 4. f3 Bg7 5. Be3 c6 6. Qd2 Qa5 7. g4 h5 8. g5 Nfd7 9. f4 d5 10. f5 dxe4 11. fxg6 fxg6 12. Nxe4 Qxd2+ 13. Kxd2 0-0 14. Bd3 Nb6 15. Ne2 Nd5 16. Raf1 Rxf1 17. Rxf1 Bh3 18. Rf2 Nd7 19. N4c3 Nxe3 20. Kxe3 e5 21. d5 Bf8 22. Kd2 Bc5 23. Rf3 Bg4 24. Rg3 Kg7 25. h3 Bf5 26. dxc6 bxc6 27. Ne4 Be7 28. N2c3 Nb6 29. h4 Rd8 30. Kc1 Nd5 31. Ne2 Rf8 32. Rf3 Nb4 33. N2c3 Rd8 34. a3 Nd5 35. Ne2 Bg4 36. Rf2 Ne3 37. N2c3 Nf5 38. Bc4 Rf8 39. Rh2 Nd4 40. Nd2 Rf4 41. Bd3 Bf5 42. Nce4 Nf3 43. Nxf3 Rxf3 44. Kd2 Rf4 45. Ke3 Bd8 46. Ng3 Bb6+ 47. Kd2 e4 48. Nxf5+ gxf5 49. Be2 Kg6 1/2-1/2

[Event "Krasnodar Stepanov Memorial op"]
[Site "Krasnodar"]
[Date "2004.10.??"]
[Round "4"]
[White "Fomichenko, Eduard"]
[Black "Poliakov, Yury"]
[Result "1-0"]
[WhiteElo "2407"]
[BlackElo "2266"]
[PlyCount "71"]
[EventDate "2004.10.??"]
[EventType "swiss"]
[EventRounds "9"]
[EventCountry "RUS"]
[SourceTitle "EXT 2006"]
[Source "ChessBase"]
[SourceDate "2005.11.24"]
[SourceVersion "1"]
[SourceVersionDate "2005.11.24"]
[SourceQuality "1"]

1. Nf3 Nf6 2. c4 e6 3. g3 d5 4. Bg2 Be7 5. 0-0 0-0 6. d4 c6 7. Qc2 b6 8. b3 Ba6 9. Rd1 Nbd7 10. Bf4 Rc8 11. Nc3 b5 12. c5 b4 13. Na4 Bb5 14. a3 bxa3 15. Nc3 a6 16. Rxa3 Nh5 17. Bd2 f5 18. Rda1 Bf6 19. Nxb5 axb5 20. Ra7 Rc7 21. R7a6 Rc8 22. Ba5 Qe8 23. Ra7 g6 24. Bc7 e5 25. Bd6 e4 26. Ne5 Nxe5 27. Bxf8 Ng4 28. Bd6 Bxd4 29. Rf1 e3 30. f3 Nf2 31. Qa2 Bg7 32. Qa6 d4 33. g4 fxg4 34. fxg4 Nxg4 35. Bh3 Qe6 36. Re7 1-0

[Event "Pavlograd West Donbass"]
[Site "Pavlograd"]
[Date "2000.??.??"]
[Round "6"]
[White "Poliakov, Yury"]
[Black "Novitzkij, Dmitrij"]
[Result "0-1"]
[WhiteElo "2249"]
[BlackElo "2347"]
[PlyCount "108"]
[EventDate "2000.09.11"]
[EventType "tourn"]
[EventRounds "9"]
[EventCountry "UKR"]
[EventCategory "4"]
[SourceTitle "CBM 078 Extra"]
[Source "ChessBase"]
[SourceDate "2000.11.10"]
[SourceVersion "1"]
[SourceVersionDate "2000.11.10"]
[SourceQuality "1"]

1. d4 d5 2. Nf3 Nf6 3. Bf4 c5 4. e3 Nc6 5. c3 Qb6 6. Qc1 Bf5 7. Be2 Rc8 8. 0-0 e6 9. Nbd2 Be7 10. dxc5 Bxc5 11. Nb3 Be7 12. Nbd4 Bg6 13. Ne5 Nxe5 14. Bxe5 0-0 15. a4 Nd7 16. a5 Qd8 17. Bg3 a6 18. Qd1 Nc5 19. h3 Ne4 20. Bh2 Bc5 21. Bd3 Qe7 22. Qe2 e5 23. Nb3 Ba7 24. Nd2 f5 25. Kh1 Rce8 26. f3 Nd6 27. e4 dxe4 28. fxe4 f4 29. Bg1 Bxg1 30. Kxg1 Bf7 31. Qf2 Rd8 32. Bc2 g5 33. Ra4 h5 34. Bd1 Kg7 35. Rb4 Rh8 36. Be2 Nf5 37. exf5 Rxd2 38. Rb6 Rh6 39. Rd1 Rxb6 40. Rxd2 Rf6 41. Qa7 e4 42. Qd4 Be8 43. Bc4 e3 44. Rd1 Bf7 45. Be2 Bb3 46. Rf1 Qd6 47. Qe4 Bd5 48. Qe8 Bf7 49. Qe4 Qd5 50. Qe7 Rxf5 51. Rd1 Qc5 52. Rd6 Qe5 53. Qd7 f3 54. gxf3 Qg3+ 0-1

[Event "Pavlograd West Donbass"]
[Site "Pavlograd"]
[Date "2000.??.??"]
[Round "1"]
[White "Poliakov, Yury"]
[Black "Rakhmangulov, Andrei"]
[Result "1/2-1/2"]
[WhiteElo "2249"]
[BlackElo "2401"]
[PlyCount "74"]
[EventDate "2000.09.11"]
[EventType "tourn"]
[EventRounds "9"]
[EventCountry "UKR"]
[EventCategory "4"]
[SourceTitle "CBM 078 Extra"]
[Source "ChessBase"]
[SourceDate "2000.11.10"]
[SourceVersion "1"]
[SourceVersionDate "2000.11.10"]
[SourceQuality "1"]

1. Nf3 Nf6 2. c4 c5 3. Nc3 d5 4. d4 cxd4 5. Nxd4 e5 6. Nf3 d4 7. Nb5 Bb4+ 8. Bd2 Bxd2+ 9. Qxd2 a6 10. Na3 Ne4 11. Qd1 Qa5+ 12. Nd2 Nc6 13. g3 0-0 14. Bg2 Bf5 15. Nab1 Nf6 16. 0-0 Rad8 17. Nb3 Qc7 18. Qc1 h6 19. N1d2 Qc8 20. Rd1 Bh3 21. Bh1 Ng4 22. Nc5 Kh8 23. Nd3 Rd6 24. b4 Qe8 25. a4 f5 26. b5 Nd8 27. c5 Rg6 28. Nc4 f4 29. Nd6 fxg3 30. hxg3 Qe7 31. Ne4 h5 32. Bg2 Bxg2 33. Kxg2 h4 34. Rh1 Nh6 35. c6 bxc6 36. Qa3 Qxa3 37. Rxa3 cxb5 1/2-1/2

[Event "RUS-ch sf"]
[Site "Krasnodar"]
[Date "1999.??.??"]
[Round "2"]
[White "Poliakov, Yury"]
[Black "Rodin, Dmitrij"]
[Result "1/2-1/2"]
[WhiteElo "2175"]
[BlackElo "2260"]
[PlyCount "65"]
[EventDate "1999.??.??"]
[EventType "swiss"]
[EventRounds "9"]
[EventCountry "RUS"]
[SourceTitle "EXT 2002"]
[Source "ChessBase"]
[SourceDate "2001.11.25"]
[SourceVersion "1"]
[SourceVersionDate "2001.11.25"]
[SourceQuality "1"]

1. d4 d5 2. Nf3 Nf6 3. c4 e6 4. Nc3 c6 5. e3 Nbd7 6. Bd3 dxc4 7. Bxc4 b5 8. Bd3 a6 9. e4 c5 10. e5 cxd4 11. Nxb5 axb5 12. exf6 Qb6 13. 0-0 Bb7 14. fxg7 Bxg7 15. Re1 0-0 16. Bf4 Bd5 17. Ne5 Ra7 18. Qe2 Nxe5 19. Bxe5 Bxe5 20. Qxe5 f6 21. Qe2 Rg7 22. Be4 Bxe4 23. Qxe4 e5 24. Rac1 Qb7 25. Rc5 Qxe4 26. Rxe4 Ra7 27. Rxb5 Rxa2 28. Kf1 Rc8 29. Rb7 Rc2 30. f4 d3 31. Re1 Raxb2 32. Rxb2 Rxb2 33. fxe5 1/2-1/2

[Event "RUS-ch sf"]
[Site "Krasnodar"]
[Date "1999.??.??"]
[Round "9"]
[White "Poliakov, Yury"]
[Black "Zangiev, Pavel"]
[Result "1/2-1/2"]
[WhiteElo "2175"]
[BlackElo "2344"]
[PlyCount "50"]
[EventDate "1999.??.??"]
[EventType "swiss"]
[EventRounds "9"]
[EventCountry "RUS"]
[SourceTitle "EXT 2002"]
[Source "ChessBase"]
[SourceDate "2001.11.25"]
[SourceVersion "1"]
[SourceVersionDate "2001.11.25"]
[SourceQuality "1"]

1. d4 Nf6 2. Nf3 g6 3. c4 Bg7 4. Nc3 d6 5. e4 0-0 6. Be2 Na6 7. 0-0 c6 8. Re1 e5 9. Bf1 Bg4 10. Be3 exd4 11. Bxd4 Nc7 12. h3 Bxf3 13. Qxf3 Ne6 14. Be3 Qa5 15. Qd1 Nd7 16. Rc1 Ndc5 17. f3 Qb6 18. Qd2 a5 19. Red1 a4 20. Qf2 Qb4 21. a3 Qa5 22. Rxd6 Be5 23. Rdd1 Qc7 24. Bxc5 Bg3 25. Qe3 Bf4 1/2-1/2